Statystyki dla Najwyższe budynki w Poznaniu

Kliknij tutaj aby rozwiązać quiz!

Ogólne statystyki

  • Ten quiz został rozwiązany 46 razy
    (33 od ostatniego zresetowania)
  • Średni wynik to 4 z 8

Statystyki odpowiedzi

Wysokość (m)Nazwa budynku% Poprawnych
103,35Collegium Altum
97%
67Wieżowiec Bałtyk
81%
102,1Andersia Tower
71%
68Novotel / Ibis Poznań Centrum
42%
61Chartowo Tower
29%
73Delta 4
29%
91Poznań Financial Centre
26%
60ATAL Warta Towers
19%

Rozkład punktacji

Percentyl według liczby udzielonych odpowiedzi

Procent ludzi z każdym wynikiem

Twoja historia wyników

Nie rozwiązałeś tego quizu od ostatniego zresetowania